Часть третья: Половина первая; Самуила Гмелина, доктора Врачебной науки, Императорской Академии наук, Лондонского, Гарлемского и Вольного Экономического обществ члена путешествие по России для исследования трех царств естества
| Parent link: | Самуила Гмелина, доктора Врачебной науки, Императорской Академии наук, Лондонского, Гарлемского и Вольного Экономического обществ члена путешествие по России для исследования трех царств естества: переведено с немецкого/ С. Г. Гмелин. Часть третья: Половина первая.— , 1771-1785 |
|---|---|
| Resumo: | Текст в русской дореформенной орфографии На дом не выдается Not_Home |
| Idioma: | russo |
| Publicado em: |
1785
|
| Assuntos: | |
| Formato: | Livro |
| KOHA link: | https://koha.lib.tpu.ru/cgi-bin/koha/opac-detail.pl?biblionumber=359275 |
MARC
| LEADER | 00000nam2a2200000 4500 | ||
|---|---|---|---|
| 001 | 359275 | ||
| 005 | 20231102011156.0 | ||
| 035 | |a (RuTPU)RU\TPU\retro\16547 | ||
| 035 | |a RU\TPU\retro\16545 | ||
| 090 | |a 359275 | ||
| 100 | |a 20201007d1785 k y0rusy50 ca | ||
| 101 | 1 | |a rus |c ger | |
| 102 | |a RU | ||
| 105 | |a abf z 000zy | ||
| 140 | |a abj aj uzz lgybb1000 | ||
| 141 | |5 63413507 |a fz b0zc | ||
| 200 | 0 | |a Часть третья: Половина первая | |
| 210 | |d 1785 | ||
| 215 | |a 737 с. |c 56 л. ил. | ||
| 300 | |a Текст в русской дореформенной орфографии | ||
| 300 | |a На дом не выдается | ||
| 317 | |5 63413507: 71//42 |a Поступил в НТБ в 1900 г. в составе книжного собрания С. Н. Кулибина | ||
| 318 | |5 63413507: 71//42 |a Переплетен заново в 1968 г. | ||
| 371 | 0 | |a Not_Home | |
| 461 | 1 | |0 (RuTPU)RU\TPU\retro\8186 |t Самуила Гмелина, доктора Врачебной науки, Императорской Академии наук, Лондонского, Гарлемского и Вольного Экономического обществ члена путешествие по России для исследования трех царств естества |o переведено с немецкого |f С. Г. Гмелин |v Часть третья: Половина первая |d 1771-1785 | |
| 606 | 1 | |a Путешествия |2 stltpush |3 (RuTPU)RU\TPU\subj\53234 |9 71554 | |
| 606 | 1 | |a Россия |x История |z 19 в. |2 stltpush |3 (RuTPU)RU\TPU\subj\65297 |9 81865 | |
| 610 | 1 | |a книжные памятники | |
| 610 | 1 | |a описания | |
| 610 | 1 | |a растения | |
| 610 | 1 | |a животные | |
| 610 | 1 | |a быт | |
| 610 | 1 | |a жители | |
| 610 | 1 | |a города | |
| 610 | 1 | |a полезные ископаемые | |
| 610 | 1 | |a Библиотека Кулибиных | |
| 675 | |a 910.4 |v 3 | ||
| 686 | |a Т3(2)52 |v LBC/SL |2 rubbk | ||
| 801 | 1 | |a RU |b 63413507 |c 20181121 | |
| 801 | 2 | |a RU |b 63413507 |c 20210628 |g RCR | |
| 942 | |c BK | ||